Význam multimédií ve vzdělávání

Charakteristika pojmu multimédiá. Posúdenie dôležitosti multimédií vo vyučovacom procese. Význam počítača s interaktívnymi programami vo výuke. Zdroje hypermediálnych teórií. Technické prostriedky v operáciách výuky. Vzťah učiteľa k technickým prístrojom učební.

Gespeichert in:
Bibliographische Detailangaben
1. Verfasser: Chromý, Jan
Format: Buchkapitel
Sprache:Tschechisch
Schlagworte:
Tags: Tag hinzufügen
Keine Tags, Fügen Sie das erste Tag hinzu!

MARC

LEADER 00000naa$a2200000$$$4500
001 0051801
005 20231010123953.3
041 0 |a cze 
044 |a SK 
245 1 0 |a Význam multimédií ve vzdělávání  |c Jan Chromý 
520 |a Charakteristika pojmu multimédiá. Posúdenie dôležitosti multimédií vo vyučovacom procese. Význam počítača s interaktívnymi programami vo výuke. Zdroje hypermediálnych teórií. Technické prostriedky v operáciách výuky. Vzťah učiteľa k technickým prístrojom učební. 
610 2 0 |a technika výpočtová 
610 2 0 |a pomôcky pracovné 
610 2 0 |a spoločnosť informačná 
610 2 0 |a vzdelávanie 
610 2 0 |a vyučovanie 
610 2 0 |a multimédiá 
100 1 |a Chromý, Jan